[The New Testament of our Lord and Saviour Jesus Christ].

Bibliographic Details
Uniform Title:Bible.
Format: eBook
Language:English
Published: Printed at Edinburgh, : by Andre Hart., Anno 1619. Nouemb. 4.
Series:Early English books online.
Online Access:Connect to the full text of this electronic book

MARC

Tag First Indicator Second Indicator Subfields
LEADER 00000nam a2200000Ia 4500
001 in00004185213
005 20200807084650.0
006 m g d
007 cr bn |||a|bb|
008 070829s1619 stk o 000 0 eng d
040 |a UMI  |c UMI  |e dcrb 
035 |a (OCoLC)166384349 
037 |a CL0036000079  |b ProQuest Information and Learning. 300 N. Zeeb Rd., Ann Arbor, MI 48106 
041 1 |a eng  |h gre 
090 |a BS2067  |b 1619 
049 |a UMIA 
130 0 |a Bible.  |p . N.T.  |l English.  |f 1619 
245 1 5 |a [The New Testament of our Lord and Saviour Jesus Christ]. 
246 1 |i First line of text:  |a Gospel of [ou]r Lord and Sa[ui]our Iesus Christ, [accor]ding to Sainct Matthew 
260 |a Printed at Edinburgh, :  |b by Andre Hart.,  |c Anno 1619. Nouemb. 4. 
300 |a 1 online resource ([circa 738] pages) 
336 |a text  |b txt  |2 rdacontent 
337 |a computer  |b c  |2 rdamedia 
338 |a online resource  |b cr  |2 rdacarrier 
500 |a Title page lacking; title of publication suggested by STC (2nd edition). 
500 |a Imprint taken from colophon. 
500 |a Includes headpieces, tailpieces, initials. 
500 |a Signatures: A-3A⁸ 3B⁶. 
500 |a Imperfect: lacks title page and signatures Nn²-Nn⁷; pages are stained slightly, torn with some loss of text. 
500 |a Reproduction of original in: British Library. 
501 |a Bound and filmed with STC 2708.5: The CL Psalmes of David in meeter, conferred with the Hebrew text. Whereunto also is ajoyned an exact Kalendar, and morning and evening prayer, with many other Godly prayers, very cecessary for all persons and estates whatsoeuer. The contentes whereof stande upon the next page following. Edinburgh, : Printed by Andro Hart., Anno Dom. 1616. 
510 4 |a STC (2nd edition)  |c 2920.3 
533 |a Electronic reproduction.  |b Ann Arbor, Mich. :  |c UMI,  |d 1999-  |f (Early English books online)  |n Digital version of: (Early English books, 1475-1640 ; 2267:4a)  |7 s1999 miun s 
830 0 |a Early English books online. 
856 4 0 |u http://proxy.library.tamu.edu/login?url=https://search.proquest.com/docview/2240926761  |z Connect to the full text of this electronic book  |t 0 
994 |a 02  |b UMI 
999 f f |s 44a6733b-49cf-31fa-8afa-5a1ddffe4326  |i ac3e9034-b23c-37c9-8483-bbfa2d55195d  |t 0 
952 f f |a Texas A&M University  |b College Station  |c Electronic Resources  |d Available Online  |t 0  |e BS2067 1619  |h Library of Congress classification 
998 f f |a BS2067 1619  |t 0  |l Available Online